| 000 | 00523nam a22001337a 4500 | ||
|---|---|---|---|
| 040 | _cNUST | ||
| 082 | _a220 PRO | ||
| 100 |
_aMuhammad Shadeen Raja Muhammad Haris Yazdani Rana Talal Ahmad Khan Muhammad Haris Riaz _9122814 |
||
| 110 |
_aPROJECT SUPERVISORS: Dr. Hasan Aftab Saeed Asst. Prof. Yasser Riaz Awan _9122815 |
||
| 245 | _aPR-SOF-2305-Design and Development of FSW Process Parameters for dissimilar alloys | ||
| 260 |
_aISLAMABAD: _bNUST COLLEGE OF EME, _c2023. |
||
| 650 |
_aDE-MECH-41 _9122750 |
||
| 942 |
_2ddc _cPR |
||
| 999 |
_c609240 _d609240 |
||